000
00280nam a22001337a 4500
003
SGT
082
_a
340.07,DHA
100
_a
DHANDA,AMITA
245
_a
MOOT COURT FOR INTERACTIVE LEGAL
260
_a
HYDRABAD
_b
NLV
_c
200
300
_a
141
650
_a
MOOT COURT
942
_2
ddc
_c
BK
999
_c
9659
_d
9659